| 000 | 01147nam a22002897a 4500 | ||
|---|---|---|---|
| 001 | 5448 | ||
| 003 | FISKH | ||
| 005 | 20241206154148.0 | ||
| 008 | 241206b cb ||||| |||| 00| 0 eng d | ||
| 020 | _a9780439918138 | ||
| 040 |
_aFISKH _beng _cFISKH _dFISKH |
||
| 050 | _aG535.Z85 | ||
| 082 | _a920.07 | ||
| 100 | _aZullo, Allan | ||
| 245 |
_aKid pirates : _btheir battles, shipwrecks & narrow escapes ; _cby Allan Zullo |
||
| 250 | _aFirst Scholastic printing, September 2007 | ||
| 260 |
_aNew York : _bScholastic ; _c2007. |
||
| 300 |
_a147 pages : _billustrations ; _c20 cm . |
||
| 505 | _aZ | ||
| 520 | _aSome volunteered. Others were forced to serve. But each of these young people sailed with the world's most feared pirates-from the notorious Blackbeard and Captain Kidd to Sir Henry Morgan and others. Some of these kids fought side-by-side with the pirates, and others tried to escape. You will never forget their incredible true stories. | ||
| 521 | 8 |
_a970
_bLexile |
|
| 521 | 8 |
_aZ
_bRaz-Plus |
|
| 650 |
_aadventure _vNon-fiction |
||
| 650 |
_abiography _vNon-fiction |
||
| 942 |
_2ddc _cBK _n0 |
||
| 999 |
_c5448 _d5448 |
||